000 01613nam2a22002291 4500
001 rc\957196
005 20250622103856.0
035 _a(NLR Aleph) 006244647
090 _a6697776
_c6697776
100 _a20041129d1982 |||y0rusy50 ca
101 0 _arus
102 _aRU
105 _ay |||||||||
200 0 _aЧ. 2
210 _d1982
_aБ. м.
215 _a36 с.
461 0 _1001rc\957194
_12001#$aРоль цен и нормативов чистой продукции в стимулировании производства новой техники$eМетод. разраб.$fМ-во станкостроит. и инструм. пром-сти СССР. Упр. кадров и учеб. заведений, Ин-т повышения квалификации руководящих работников и специалистов, Каф. экономики и орг. упр. пр-вом$g[Сост. преп., к. э. н. Г.В. Жук]$vЧ. 2
_96697761
_cМ.
_d1982
_fМ-во станкостроит. и инструм. пром-сти СССР. Упр. кадров и учеб. заведений, Ин-т повышения квалификации руководящих работников и специалистов, Каф. экономики и орг. упр. пр-вом
_nБ. и.
_oМетод. разраб.
_tРоль цен и нормативов чистой продукции в стимулировании производства новой техники
_vЧ. 2
801 0 _aRU
_bNLR
_gpsbo
801 1 _aRU
_bELAR
_2rusmarc
852 _aNLR
_j82-4/26937
942 _cBOOK
980 _aNB